000
00312nam a2200133Ia 4500
100
_a
Muralikrishna/C
650
_a
Communication skills
942
_c
BK
245
_a
COMMUNICATION SKILLA FOR ENGINEERS
260
_b
Tata McGrawhill
_a
Chennai
_c
2011
082
_a
372.6/MUR
300
_a
276
546
_a
ENGLISH
999
_c
28025
_d
28025